Wszystkie Stolice Oceanii - Statystyki

Ogólne statystyki
  • Ten quiz został rozwiązany 18 razy
  • Średni wynik to 10 z 14
Statystyki odpowiedzi
Podpowiedź Odpowiedź % Poprawnych
Australia Canberra
100%
Nowa Zelandia Wellington
100%
Papua-Nowa Gwinea Port Moresby
91%
Fidżi Suva
82%
Palau Ngerulmud
73%
Wyspy Salomona Honiara
64%
Tonga Nuku'alofa
64%
Mikronezja Palikir
64%
Vanuatu Port Vila
64%
Nauru Yaren
64%
Samoa Apia
55%
Tuvalu Funafuti
55%
Wyspy Marshalla Majuro
45%
Kiribati Tarawa
45%
Nie znaleziono quizów pasujących do podanych kryteriów
Rozkład punktacji
Procent ludzi z każdym wynikiem
Percentyl według liczby udzielonych odpowiedzi
Twoja historia wyników
Nie rozwiązałeś tego quizu